| 000 | 00436nam a22001697a 4500 | ||
|---|---|---|---|
| 003 | NUST - PNEC | ||
| 005 | 20170116180919.0 | ||
| 008 | 150904b xxu||||| |||| 00| 0 eng d | ||
| 020 | _a0750652136 | ||
| 040 | _cLIBRARY | ||
| 082 | _a621.0285 GEN | ||
| 100 |
_97627 _aGentle, Richard |
||
| 245 |
_aMechanical engineering systems _cRichard Gentle |
||
| 260 | _cc.2001 | ||
| 650 |
_97630 _bMechanical Engineering _xME |
||
| 942 |
_2ddc _cBK |
||
| 999 |
_c65550 _d65550 |
||